000 00275nam a2200109Ia 4500
008 200302s9999 xx 000 0 und d
100 _aThomas Herzog ed.
245 _aSolar Energy in Architecture and Urban Planning
260 _bPublisher
260 _c1996
300 _a223 P.,
999 _c5468
_d5468